000 01243cam a2200289 a 4500
005 20160531085559.0
008 040902s1998 ck r 000 0 spa d
020 _a95893280803
040 _aCO-BoPUJ
_cCO-BoIAVH
_dCO-BoIAVH
041 0 _aspa
044 _ack
082 0 4 _a338.1
_bB42p1
100 1 _aBejarano Avila, Jesús Antonio,
_d1946-1999.
_eautor
245 1 0 _aElementos para un enfoque de la competitividad en el sector agropecuario
_cJesús Antonio Bejarano Ávila ; editores Elizabeth Meek y Hugo Aldana Navarrete
260 _aBogotá :
_bMinisterio de Agricultura y Desarrollo Rural :
_bIICA,
_c1998.
300 _a80 páginas ;
_c24 x 16 cm.
490 0 _aColección documentos IICA serie competitividad ;
_v2
504 _aIncluye referencias bibliográficas.
650 2 4 _aSector agropecuario
_xAspectos sociopolíticos
_zColombia
650 2 4 _aCompetitividad
651 2 6 _aColombia
_xPolítica económica
700 1 _aMeek, Elizabeth
_eeditora
700 1 _aAldana Navarrete, Hugo
_eeditor
710 1 _aColombia
_bMinisterio de Agricultura y Desarrollo Rural
710 2 _aInstituto Interamericano de Cooperación para la Agricultura
942 _2ddc
_cLIBRO
999 _c18749
_d18749